| 000 | 00491nam a22001577a 4500 | ||
|---|---|---|---|
| 008 | 220121b ||||| |||| 00| 0 eng d | ||
| 020 | _a0800624793 | ||
| 050 |
_aBS2655.E8 _b. S25 1991 |
||
| 100 | _a Sampley, J. Paul. | ||
| 245 |
_a Walking between the times : _b Paul's moral reasoning / _c J. Paul Sampley. |
||
| 260 |
_aMinneapolis : _b Fortress Press, _c1991. |
||
| 300 |
_avi, 122 p. _c22 cm.; |
||
| 500 | _a Includes index. | ||
| 650 | _aEthics in the Bible. | ||
| 942 |
_2lcc _cBK |
||
| 999 |
_c57426 _d57426 |
||